00962nam a2200301 a 450000100060000000300090000600800410001502000180005604000280007404100080010208200160011010000200012624501120014625000110025826000450026930000220031450000770033665000240041365000220043765000260045965000380048565000370052365000230056065000220058365000120060570000220061770000210063924953CO-ViMGA141112s2004 ck r 000 u spa d a9789583201530 aCO-ViMGAbspacCO-ViMGA aSPA04a573.76 M17e1 aMatsuda, Motoko10aLos exploradores de huesos / cMotoko Matsuda ; fotografía Naruaki Onishi ; traducción Megumi Kobayashi a1a ed. aBogotá : bOcéano Travesía, c2012 a40 p. : fot. col. aCon El laboratorio de huesos de Makiko, líder de los huesoexploradores14aANATOMIA COMPARADA 14aANATOMIA DE AVES 14aANATOMIA VETERINARIA 14aARDILLAS - ANATOMIA E HISTOLOGIA 14aCONEJOS - ANATOMIA E HISTOLOGIA 14aDESDE LOS 9 AÑOS14aESQUELETO HUMANO 14aHUESOS 1 aKobayashi, Megumi1 aOnishi, Naruaki